logo

Bir Sreshtho Munshi Abdur Rouf Library
Jhenaidah Cadet College

Tradition and Dissent / (Record no. 6493)

MARC details
000 -LEADER
fixed length control field 00636nam a2200229 a 4500
001 - CONTROL NUMBER
JCCL Control Number 6493
003 - CONTROL NUMBER IDENTIFIER
JCCL marc code BD-JhCC
005 - DATE AND TIME OF LATEST TRANSACTION
control field 20180217190646.0
008 - FIXED-LENGTH DATA ELEMENTS--GENERAL INFORMATION
fixed length control field 180124s1967 u a|||| || | 000 0 eng d
035 ## - SYSTEM CONTROL NUMBER
system control number (BD-JhCC)6493
040 ## - CATALOGING SOURCE
Original cataloging agency BD-JhCC
Modifying agency BD-JhCC
041 ## - LANGUAGE CODE
Language code of Book eng
082 ## - DEWEY DECIMAL CLASSIFICATION NUMBER
Classification number 428.6
Author mark and Year GRE 1967
100 ## - MAIN ENTRY--PERSONAL NAME
Personal name Greenberg, Florence Bonzer
245 ## - TITLE STATEMENT
Title Tradition and Dissent /
Statement of responsibility, etc Florence Bonzer Greenberg and Anne P. Heffley
260 ## - PUBLICATION, DISTRIBUTION, ETC. (IMPRINT)
Place of publication, distribution, etc USA :
Name of publisher, distributor, etc The Bobbs-Merrill Company, Inc.
Date of publication, distribution, etc 1967
300 ## - PHYSICAL DESCRIPTION
Pagination 425 p. :
Dimensions 21 cm.
650 ## - SUBJECT ADDED ENTRY--TOPICAL TERM
Topical term or geographic name as entry element English Language
General subdivision Rhetoric
700 ## - ADDED ENTRY--PERSONAL NAME
Personal name Heffley, Anne P.
942 ## - ADDED ENTRY ELEMENTS (KOHA)
Source of classification or shelving scheme Dewey Decimal Classification
Koha item type Books
Holdings
Source of classification or shelving scheme Damaged status Not for loan Home library Current library Shelving location Date of accession Total Checkouts Full call number Barcode Date last seen Date checked out Copy number Koha item type
Dewey Decimal Classification     JCC Rouf Library JCC Rouf Library General Stacks 01/24/2018 1 428.6 GRE 1967 8753 11/11/2024 10/30/2024 C-1 Books

JCC Library | Contacts | JCC Home

Last Update on 23 September 2017
Copyright @ 2017-2020 JCC Rouf Library
Rouf Library, Jhenidah Cadet College (JCC), Bangladesh